00359nam a2200097Ia 4500003000900000008004100009040001600050100001900066245016000085260001600245IN-BaIIA211028s9999 xx 000 0 eng d cIIA Library aDowning, A M W 0aTaylor's general catalogue of stars for the equinox 1835-0 from observations made at the madras observatory during the years 1831 to 1842cA. M. W. Downing bNeillc1901